[Event "RUS-ch zt qual 62nd"]
[Site "Armavir"]
[Date "2009.03.??"]
[Round "1"]
[White "Chunihin, Sergey"]
[Black "Chigaeva, Anastasia"]
[Result "1-0"]
[WhiteElo "2073"]
[BlackElo "1752"]
[PlyCount "23"]
[EventDate "2009.03.21"]
[EventType "swiss"]
[EventRounds "9"]
[EventCountry "RUS"]
[SourceTitle "EXT 2022"]
[Source "ChessBase"]
[SourceDate "2021.10.06"]
[SourceVersion "1"]
[SourceVersionDate "2021.10.06"]
[SourceQuality "1"]

1. d4 d5 2. e3 Nf6 3. Bd3 Nc6 4. f4 Bg4 5. Nf3 Nb4 6. Be2 e6 7. c3 Nc6 8. Nbd2 Ne4 9. Bb5 Qh4+ 10. Nxh4 Bxd1 11. Nxe4 dxe4 12. Kxd1 1-0

[Event "RUS-ch zt qual 62nd"]
[Site "Armavir"]
[Date "2009.03.??"]
[Round "5"]
[White "Chunihin, Sergey"]
[Black "Papin, Vasily"]
[Result "0-1"]
[WhiteElo "2073"]
[BlackElo "2456"]
[PlyCount "56"]
[EventDate "2009.03.21"]
[EventType "swiss"]
[EventRounds "9"]
[EventCountry "RUS"]
[SourceTitle "EXT 2022"]
[Source "ChessBase"]
[SourceDate "2021.10.06"]
[SourceVersion "1"]
[SourceVersionDate "2021.10.06"]
[SourceQuality "1"]

1. b3 c5 2. Bb2 Nc6 3. e3 a6 4. f4 e6 5. Nf3 Nf6 6. Ne5 Nb8 7. g3 h5 8. Bg2 d6 9. Nd3 Qc7 10. h3 Bd7 11. Qe2 Bc6 12. e4 Nbd7 13. c4 0-0-0 14. Nc3 d5 15. cxd5 exd5 16. e5 c4 17. Nf2 d4 18. Nce4 d3 19. Qf1 Nd5 20. a3 Qb6 21. b4 Ne3 22. Qg1 f5 23. exf6 gxf6 24. Nd1 Nxg2+ 25. Qxg2 Re8 26. Ndf2 Rg8 27. f5 Bxe4 28. Nxe4 Qc6 0-1

[Event "Doroshkevich Memorial op"]
[Site "Maikop"]
[Date "2008.05.28"]
[Round "5"]
[White "Chunihin, Sergey"]
[Black "Zhukov, Viktor Andreevich"]
[Result "0-1"]
[WhiteElo "2093"]
[BlackElo "2242"]
[PlyCount "104"]
[EventDate "2008.05.24"]
[EventType "swiss"]
[EventRounds "9"]
[EventCountry "RUS"]
[SourceTitle "CBM 124 Extra"]
[Source "ChessBase"]
[SourceDate "2008.07.03"]
[SourceVersion "1"]
[SourceVersionDate "2008.07.03"]
[SourceQuality "1"]

1. f4 c5 2. Nf3 Nf6 3. b3 e6 4. Bb2 d5 5. e3 a6 6. g3 Be7 7. Bg2 Nbd7 8. 0-0 0-0 9. Qe2 Qc7 10. d3 b6 11. Nbd2 Bb7 12. e4 dxe4 13. dxe4 b5 14. e5 Nd5 15. c4 Nb4 16. Rfc1 Nc6 17. Bf1 b4 18. Ne4 a5 19. Rd1 a4 20. Nd6 Bxd6 21. Rxd6 axb3 22. axb3 Rxa1 23. Bxa1 Ra8 24. Bb2 Nf8 25. Rd1 Ne7 26. Bg2 Nf5 27. g4 Ne7 28. Ne1 Ra2 29. Nd3 Nd7 30. Ra1 Rxa1+ 31. Bxa1 h6 32. Bxb7 Qxb7 33. Qg2 Qa6 34. Bb2 Qa2 35. Qc2 Ng6 36. Kf2 Qa8 37. Kg3 Qe4 38. Qd2 Qh1 39. Ne1 Qg1+ 40. Ng2 Qb1 41. Qxd7 Qxb2 42. Qd8+ Kh7 43. Qd3 Kg8 44. Qd8+ Nf8 45. Qd3 g5 46. Qe3 Ng6 47. fxg5 hxg5 48. Qxg5 Qxb3+ 49. Ne3 Qc3 50. Kf3 Qxe5 51. Qxe5 Nxe5+ 52. Ke4 b3 0-1

[Event "Doroshkevich Memorial op"]
[Site "Maikop"]
[Date "2008.05.24"]
[Round "1"]
[White "Korobkov, Piotr"]
[Black "Chunihin, Sergey"]
[Result "1-0"]
[WhiteElo "2508"]
[BlackElo "2093"]
[PlyCount "143"]
[EventDate "2008.05.24"]
[EventType "swiss"]
[EventRounds "9"]
[EventCountry "RUS"]
[SourceTitle "CBM 124 Extra"]
[Source "ChessBase"]
[SourceDate "2008.07.03"]
[SourceVersion "1"]
[SourceVersionDate "2008.07.03"]
[SourceQuality "1"]

1. d4 f5 2. g3 Nf6 3. Bg2 e6 4. c4 c6 5. Nf3 d5 6. 0-0 Bd6 7. b3 b5 8. c5 Bc7 9. Bf4 a5 10. Ne5 Nfd7 11. Nd3 g5 12. Bxc7 Qxc7 13. e4 dxe4 14. Qh5+ Kf8 15. Qh6+ Kf7 16. Bxe4 Qd8 17. Bg2 Qf6 18. Qh5+ Kg7 19. Nd2 Qxd4 20. Qxg5+ Kf7 21. Qh5+ Kg7 22. Qe2 Qf6 23. Rfe1 Re8 24. Nf4 Kh8 25. Qh5 Re7 26. Nf3 Nf8 27. Ne5 Bd7 28. Rad1 Be8 29. Qe2 Raa7 30. Rd8 Rab7 31. Qd2 Red7 32. Nxd7 Bxd7 33. Nh5 Qe7 34. Qg5 Qxg5 35. Rxf8+ Qg8 36. Rxg8+ Kxg8 37. Nf6+ Kf7 38. Nxh7 Na6 39. Rc1 Be8 40. f4 Kg6 41. Ng5 e5 42. Nf3 e4 43. Ne5+ Kf6 44. g4 Nb4 45. gxf5 Kxf5 46. Re1 Rg7 47. Kh1 Rxg2 48. Kxg2 Kxf4 49. Nf7 Nd3 50. Rf1+ Ke3 51. Nd6 Bh5 52. Kg3 Bf3 53. Nf5+ Ke2 54. Rb1 Kd2 55. h4 Bh5 56. Ng7 Bg6 57. h5 Bh7 58. Ne6 e3 59. Ng5 Bg8 60. Nf3+ Kc2 61. Rh1 Nxc5 62. Kf4 Nxb3 63. axb3 Kxb3 64. Nd4+ Kc3 65. Kxe3 b4 66. Rc1+ Kb2 67. Rc2+ Kb1 68. Rxc6 a4 69. Rc8 Bh7 70. Rb8 b3 71. Nxb3 axb3 72. Rxb3+ 1-0

[Event "Sukhumi op"]
[Site "Sukhumi"]
[Date "2006.08.07"]
[Round "4"]
[White "Kruchev, Boris"]
[Black "Chunihin, Sergey"]
[Result "1-0"]
[WhiteElo "2328"]
[BlackElo "2110"]
[PlyCount "57"]
[EventDate "2006.08.04"]
[EventType "swiss"]
[EventRounds "9"]
[EventCountry "GEO"]
[SourceTitle "EXT 2011"]
[Source "ChessBase"]
[SourceDate "2010.11.26"]
[SourceVersion "1"]
[SourceVersionDate "2010.11.26"]
[SourceQuality "1"]

1. e4 e6 2. d4 d5 3. Nd2 Nc6 4. Ngf3 f5 5. exf5 exf5 6. Bb5 Bd6 7. 0-0 Nge7 8. c4 a6 9. Ba4 0-0 10. cxd5 Nb4 11. Nc4 b5 12. Nxd6 Qxd6 13. Bb3 Nbxd5 14. Bg5 Ng6 15. Ne5 Bb7 16. Rc1 Kh8 17. Re1 h6 18. Qf3 Kh7 19. h4 Rae8 20. Rcd1 Ba8 21. h5 Nge7 22. Bh4 Nf6 23. Qh3 Bd5 24. Bg3 Ne4 25. Bf4 Bxb3 26. Ng6 Bxd1 27. Nxf8+ Rxf8 28. Bxd6 cxd6 29. Rxd1 1-0

[Event "Maikop op"]
[Site "Maikop"]
[Date "2004.04.??"]
[Round "9"]
[White "Chunihin, Sergey"]
[Black "Lobzhanidze, Nikoloz"]
[Result "1-0"]
[WhiteElo "2127"]
[BlackElo "2074"]
[PlyCount "67"]
[EventDate "2004.04.??"]
[EventType "swiss"]
[EventRounds "9"]
[EventCountry "RUS"]
[SourceTitle "EXT 2006"]
[Source "ChessBase"]
[SourceDate "2005.11.24"]
[SourceVersion "1"]
[SourceVersionDate "2005.11.24"]
[SourceQuality "1"]

1. f4 e5 2. fxe5 d6 3. exd6 Bxd6 4. Nf3 g5 5. g3 f5 6. d4 g4 7. Bg5 Nf6 8. Nfd2 Be7 9. Nc3 Qxd4 10. Nb3 Qxd1+ 11. Rxd1 c6 12. Bg2 h6 13. Bf4 Nbd7 14. a3 Nh5 15. Bc1 Bg5 16. 0-0 Ne5 17. e4 Bxc1 18. Nxc1 0-0 19. Nd3 Nc4 20. Rfe1 Be6 21. Nc5 Ng7 22. Nxe6 Nxe6 23. exf5 Ng5 24. Rd4 Nxb2 25. Rxg4 Rxf5 26. h4 Rc5 27. Ne4 Rxc2 28. hxg5 h5 29. Nf6+ Kf8 30. Nxh5 Nd3 31. Rf1+ Kg8 32. Re4 Rc5 33. Nf6+ Kg7 34. Re7+ 1-0

[Event "Sarkisov Memorial op"]
[Site "Krasnodar"]
[Date "2003.??.??"]
[Round "?"]
[White "Chunihin, Sergey"]
[Black "Petukhov, Dmitry"]
[Result "0-1"]
[WhiteElo "2079"]
[BlackElo "2234"]
[PlyCount "60"]
[EventDate "2003.??.??"]
[EventType "swiss"]
[EventRounds "9"]
[EventCountry "RUS"]
[SourceTitle "EXT 2005"]
[Source "ChessBase"]
[SourceDate "2004.11.15"]
[SourceVersion "1"]
[SourceVersionDate "2004.11.15"]
[SourceQuality "1"]

1. f4 d5 2. Nf3 Nf6 3. g3 c5 4. Bg2 Nc6 5. 0-0 Bf5 6. d3 e6 7. e3 Be7 8. h3 h6 9. Qe1 Bh7 10. Nc3 0-0 11. e4 dxe4 12. dxe4 Nd4 13. Rf2 Qa5 14. Ne5 Rad8 15. Be3 Nh5 16. Rd2 Bd6 17. Nf3 g5 18. e5 Be7 19. fxg5 hxg5 20. Rc1 Qb4 21. Nd1 Nxc2 22. Rdxc2 Bxc2 23. Qxb4 cxb4 24. Rxc2 Rxd1+ 25. Kh2 Rfd8 26. Nxg5 R8d3 27. Bf3 Rf1 28. Bxh5 Rxe3 29. h4 Bxg5 30. hxg5 Rxe5 0-1

[Event "Sarkisov Memorial op"]
[Site "Krasnodar"]
[Date "2003.??.??"]
[Round "?"]
[White "Chunihin, Sergey"]
[Black "Staroverov, Alexey"]
[Result "0-1"]
[WhiteElo "2079"]
[BlackElo "2284"]
[PlyCount "70"]
[EventDate "2003.??.??"]
[EventType "swiss"]
[EventRounds "9"]
[EventCountry "RUS"]
[SourceTitle "EXT 2005"]
[Source "ChessBase"]
[SourceDate "2004.11.15"]
[SourceVersion "1"]
[SourceVersionDate "2004.11.15"]
[SourceQuality "1"]

1. d4 d6 2. e4 Nf6 3. Nc3 g6 4. f3 Bg7 5. Be3 c6 6. Qd2 h5 7. Nge2 b5 8. a3 Nfd7 9. Nc1 Nb6 10. Bd3 N8d7 11. b3 a6 12. a4 c5 13. Bf1 b4 14. Nd1 a5 15. Rb1 cxd4 16. Bxd4 e5 17. Be3 Qe7 18. Bb5 0-0 19. Bc6 Rb8 20. c4 bxc3 21. Nxc3 Ba6 22. N1e2 Nc5 23. 0-0 Rfc8 24. Bb5 Bb7 25. Rfd1 Rd8 26. Nd5 Nxd5 27. exd5 e4 28. f4 Nd3 29. Bb6 Bxd5 30. Bxd8 Qa7+ 31. Nd4 Qxd4+ 32. Kf1 Rxd8 33. Bxd3 exd3 34. Qxd3 Qxd3+ 35. Rxd3 Be4 0-1